Resumen sinp̤tico etapa de juicio y medios de impugnacin̤ Conforme a la iniciativa con proyecto de decreto por el que se expide el Cd̤igo Federal de Procedimientos Penales /

Bibliographic Details
Main Author: Sandoval Delgado, Emiliano
Format: eBook
Language:Spanish
Published: Mx̌ico D.F: Jurd̕ica de las Americas, 2012
Subjects:
Online Access:Acceso restringido

MARC

LEADER 00000nam a22000007a 4500
005 20130710140325.0
007 cr|||| ||||
008 130710s2012 mx |||||s|||| 00||0 spa d
020 |a 978-968-9368-78-6 
035 |a 11352 
040 |a vLex 
090 |c 4408  |d 4408 
100 1 |a Sandoval Delgado, Emiliano 
245 1 0 |a Resumen sinp̤tico etapa de juicio y medios de impugnacin̤  |h [Recurso electrn̤ico] :  |b Conforme a la iniciativa con proyecto de decreto por el que se expide el Cd̤igo Federal de Procedimientos Penales /  |c Emiliano Sandoval Delgado 
256 |a Servicio en ln̕ea 
260 |a Mx̌ico D.F:  |b Jurd̕ica de las Americas,  |c 2012 
300 |a 1 recurso electrn̤ico 
506 1 |a Contenido solo disponible en los productos indicados  |d vLex Global  |d vLex Global (Academic Edition, excluding Law Schools)  |d vLex Global (U.S. Academic Edition, Law Schools)  |d vLex Global (U.S. Academic Edition, excluding Law Schools)  |d vLex Global (Academic Edition, Law Schools) 
650 0 4 |a Recursos (Derecho)  |z Mx̌ico 
650 0 4 |a Derecho penal  |z Mx̌ico 
740 0 |a vLex Libros (Servicio en ln̕ea) 
856 4 0 |u http://vlex.com/source/resumen-sinoptico-etapa-juicio-medios-impugnacion-11352  |z Acceso restringido 
942 |c BOOK 
999 0 |a Remedies (Law) 
999 0 |a Criminal Law